The legal environment of business (Record no. 82165)

MARC details
000 -LEADER
fixed length control field 01016nam a2200241 a 4500
008 - FIXED-LENGTH DATA ELEMENTS--GENERAL INFORMATION
fixed length control field 120416s1981 ||||||||||||||||| || u
020 ## - INTERNATIONAL STANDARD BOOK NUMBER
International Standard Book Number 0070131864
050 ## - LIBRARY OF CONGRESS CALL NUMBER
Classification number KB 39 Cor
100 ## - MAIN ENTRY--PERSONAL NAME
Personal name Black, Robert L
245 14 - TITLE STATEMENT
Title The legal environment of business
250 ## - EDITION STATEMENT
Edition statement 5th ed.
260 ## - PUBLICATION, DISTRIBUTION, ETC.
Place of publication, distribution, etc. New York
Name of publisher, distributor, etc. McGraw-Hill
Date of publication, distribution, etc. 1981
300 ## - PHYSICAL DESCRIPTION
Extent xiv, 614p.
350 ## -
-- 0.00
500 ## - GENERAL NOTE
General note Includes index.
650 ## - SUBJECT ADDED ENTRY--TOPICAL TERM
Topical term or geographic name entry element TRADE REGULATION--UNITED STATES
650 ## - SUBJECT ADDED ENTRY--TOPICAL TERM
Topical term or geographic name entry element LAW
700 ## - ADDED ENTRY--PERSONAL NAME
Personal name Reed, O. Lee (Omer Lee)
700 ## - ADDED ENTRY--PERSONAL NAME
Personal name Corley, Robert Neil
995 ## -
-- MAIN LIBRARY OPEN ACCESS
-- 0.00
-- 713256
-- CBU-MAIN LIBRARY (Kitwe)
-- 1
-- 29.95
-- KB 39 Cor
-- 2
-- AVAILABLE
-- 008529
-- Main Library Open Access Collection
995 ## -
-- ANNEX COLLECTION (Main Library)
-- 0.00
-- 713255
-- CBU-MAIN LIBRARY (Kitwe)
-- 2
-- 29.95
-- KB 39 Cor
-- 1
-- AVAILABLE
-- 008528
-- Annex Low-Usage Collection
995 ## -
-- ANNEX COLLECTION (Main Library)
-- 0.00
-- 713257
-- CBU-MAIN LIBRARY (Kitwe)
-- 3
-- 29.95
-- KB 39 Cor
-- 3
-- AVAILABLE
-- 008530
-- Annex Low-Usage Collection
999 ## -
-- 82165
-- 82165

No items available.